Impact of Ageing on Public Finances and Labour Markets in EU Regions Theoretical Models and Empirical Analyses
Salvato in:
| Ente Autore: | |
|---|---|
| Altri autori: | , |
| Natura: | Libro |
| Lingua: | inglese |
| Pubblicazione: |
Bratislava
The Institute of Economic Research of the Slovak Academy of Sciences
2013
|
| Edizione: | 1st Edition |
| Soggetti: | |
| Tags: |
Nessun Tag, puoi essere il primo ad aggiungerne!!
|
MARC
| LEADER | 00000nlm a2200000 4500 | ||
|---|---|---|---|
| 001 | 0278840 | ||
| 005 | 20240213094732.0 | ||
| 020 | |a 978-80-7144-214-1 | ||
| 041 | 0 | |a eng | |
| 044 | |a SK | ||
| 245 | 1 | 0 | |a Impact of Ageing on Public Finances and Labour Markets in EU Regions |b Theoretical Models and Empirical Analyses |c Editors: Marek Radvanský and Ivan Lichner |
| 250 | |a 1st Edition | ||
| 264 | 1 | |a Bratislava |b The Institute of Economic Research of the Slovak Academy of Sciences |c 2013 | |
| 300 | |a online 280 s. | ||
| 610 | 2 | 0 | |a starnutie populácie |
| 610 | 2 | 0 | |a financie verejné |
| 610 | 2 | 0 | |a trh práce |
| 610 | 2 | 0 | |a regióny |
| 610 | 2 | 0 | |a modely |
| 610 | 2 | 0 | |a analýzy |
| 610 | 2 | 0 | |a Európska únia |
| 700 | 1 | |a Radvanský, Marek | |
| 700 | 1 | |a Lichner, Ivan | |
| 110 | 2 | |a Impact of Ageing on Public Finances and Labour Markets in EU Regions. International Conference | |